Statistics for Smallest island countries

Click here to take the quiz!

General Stats

  • This quiz has been taken 17 times
  • The average score is 8 of 10

Answer Stats

AreaCountry% Correct
5,189 acresNauru
94%
15,700 acresSaint Kitts and Nevis
82%
96,120 acresSaint Vincent and the Grenadines
82%
6,425 acresTuvalu
82%
106,300 acresBarbados
76%
78,080 acresMalta
76%
85,000 acresGrenada
71%
73,600 acresMaldives
71%
44,730 acresMarshall Islands
71%
108,700 acresAntigua and Barbuda
65%

Score Distribution

Percentile by Number Answered

Percent of People with Each Score

Your Score History

You have not taken this quiz